Entry Nombre personal
001 - NÚMERO DE CONTROL
- campo de control: 149487
003 - IDENTIFICADOR DE NÚMERO DE CONTROL
- campo de control: OSt
005 - FECHA Y HORA DE LA ÚLTIMA TRANSACCIÓN
- campo de control: 20250807122905.0
008 - ELEMENTOS DE DATO DE LONGITUD-FIJA
- campo de control de longitud fija: 120229 b azzaaaaaa a aaa d
040 ## - FUENTE DE CATALOGACIÓN
- Centro catalogador/agencia de origen: OSt
- Centro/agencia transcriptor: OSt
100 1# - ENCABEZAMIENTO-NOMBRE DE PERSONA
- Nombre de persona: Laurencin,
- Títulos y otros términos asociados al nombre: Monsieur,
- Fechas asociadas al nombre: 1808-1890
400 1# - TRAZADO DE VÉASE--NOMBRE DE PERSONA
- Nombre de persona: Auvray
- Títulos y otros términos asociados al nombre: Monsieur (
- Fechas asociadas al nombre: 1808-1890)
400 1# - TRAZADO DE VÉASE--NOMBRE DE PERSONA
- Nombre de persona: Chapelle, Paul Aimé (
- Fechas asociadas al nombre: 1808-1890)
400 1# - TRAZADO DE VÉASE--NOMBRE DE PERSONA
- Nombre de persona: Châtellerault, Léonard de (
- Fechas asociadas al nombre: 1808-1890)
400 1# - TRAZADO DE VÉASE--NOMBRE DE PERSONA
- Nombre de persona: Evrard
- Títulos y otros términos asociados al nombre: Monsieur (
- Fechas asociadas al nombre: 1808-1890)
400 1# - TRAZADO DE VÉASE--NOMBRE DE PERSONA
- Nombre de persona: Evrard, Paul Aimé Chapelle Laurencin
- Títulos y otros términos asociados al nombre: llamado (
- Fechas asociadas al nombre: 1808-1890)
400 1# - TRAZADO DE VÉASE--NOMBRE DE PERSONA
- Nombre de persona: Laurencin, Paul (
- Fechas asociadas al nombre: 1808-1890)
400 1# - TRAZADO DE VÉASE--NOMBRE DE PERSONA
- Nombre de persona: Laurencin, Paul Aimé Chapelle
- Títulos y otros términos asociados al nombre: llamado (
- Fechas asociadas al nombre: 1808-1890)
400 1# - TRAZADO DE VÉASE--NOMBRE DE PERSONA
- Nombre de persona: Lucy, Léonard de (
- Fechas asociadas al nombre: 1808-1890)
